Uma Tarde com o clube dos Sete (Registo nº 4711)

Detalhes MARC
000 -Etiqueta do registo
Cabeçalho 01273nam 22002653 4500
010 ## - Número internacional normalizado dos livros (ISBN)
Número (ISBN) 9789896606619
100 ## - Dados gerais de processamento
Dados gerais de processamento 20260213d20192023u||y0pory50 ba
101 ## - Língua de publicação
Língua do texto, banda sonora, etc. Português
Língua do documento no original Inglês
102 ## - Pais de publicação ou produção
País de publicação Reino Unido
200 1# - Titulo e menção de responsabilidade
Título próprio Uma Tarde com o clube dos Sete
Primeira menção de responsabilidade Enid Blyton
Outras menções de responsabilidade il. Tony Ross
-- trad. Luís Santos
205 ## - Menção da edição
Menção da edição 3.ª
210 ## - Publicação, Distribuição, etc. 
Lugar da edição, distribuição, etc. Alfragide
Nome do editor, distribuidor, etc. Oficina do Livro
Data da publicação, distribuição, etc. 2023
215 ## - Descrição física 
Indicação específica da natureza do documento e extensão da espécie 76, [2]p
Outras indicações físicas il.
225 1# - Colecção 
Título próprio da colecção Os (Mini) Sete
Título paralelo da colecção An Afternoon with the Secret Seven
Número de uma parte ou secção 3
300 ## - Notas gerais 
Texto da nota Uma iniciação à leitura perfeita para os mais pequenos e uma forma emocionante de lerem os clássicos de Enid Blyton.<br/>O Pedro está a tomar conta da banca das argolas na feira, mas não resiste ao passeio de pónei que o Fred lhe oferece.<br/>O Ziguezague fica de guarda, no entanto, quando o Pedro regressa, o Ziguezague e o dinheiro desapareceram!<br/>O que se passou?<br/>
330 ## - Sumário ou Resumo
Texto da nota Os Sete vão ver o céu estrelado, mas está muito nublado e acabam por avistar uma pessoa a incendiar um molho de feno!<br/>Irão os Sete agir a tempo de salvar o celeiro?<br/>E conseguirão descobrir o culpado?<br/><br/>
510 1# - Título paralelo
Título paralelo An Afternoon with the Secret Seven
675 ## - Classificação Decimal Universal (CDU)
Notação 821.111
Edição 3ª ed.
Língua da edição por
700 #1 - Nome de autor-pessoa física (responsabilidade principal)
Palavra de ordem Blyton
Outra parte do nome não tomada para palavra de ordem Enid
942 ## - Elementos de entrada adicionados (Koha)
Tipo de item no Koha Livro
990 ## - Elementos KOHA
Koha item type Livro
Suppress in OPAC Escondido
994 ## - Estado da catalogação
Situação PARA CORRIGIR
Exemplares
Situação do levantamento Nº de registo manual Origin of item (home branch) (coded) Biblioteca de empréstimo Lending or holding organisation (holding branch) code Código de barras Cota Circulation type (not for loan) Tipo de documento Damaged status
  20864 Biblioteca Escolar da Coca Maravilhas Biblioteca Escolar da Coca Maravilhas Biblioteca Escolar da Coca Maravilhas BECM20864 8AM BLY   Livro